000 00434nam a22001817a 4500
003 koha_MIRAKIL
005 20231213100017.0
008 231213b |||||||| |||| 00| 0 ||| d
020 _b978-9-75263508-1
040 _aTR-IsEVY
_btur
_cTR-IsEVY
082 _a529 ARN/Z
100 _aArnold, Nick.
245 0 _aZaman makinesi
250 _a9. bs.
260 _bTimaş Yayınları,
_c2015
300 _a140 s.
942 _2ddc
_cBK
999 _c13072
_d13072